Impact of tuberculosis on the quality of life in patients attending dot centres in urban area of Delhi (Record no. 877181)

MARC details
000 -LEADER
fixed length control field 01059nam a2200289Ia 4500
003 - CONTROL NUMBER IDENTIFIER
control field OSt
005 - DATE AND TIME OF LATEST TRANSACTION
control field 20220930084420.0
008 - FIXED-LENGTH DATA ELEMENTS--GENERAL INFORMATION
fixed length control field 220926b |||||||| |||| 00| 0 eng d
037 ## - SOURCE OF ACQUISITION
Terms of availability Theses
040 ## - CATALOGING SOURCE
Original cataloging agency CRL
Transcribing agency CRL
Language of cataloging eng
041 ## - LANGUAGE CODE
Source of code eng
Language code of text/sound track or separate title eng
100 ## - MAIN ENTRY--PERSONAL NAME
Personal name Dhuria Meera
9 (RLIN) 537626
110 ## - MAIN ENTRY--CORPORATE NAME
Corporate name or jurisdiction name as entry element University of Delhi. Faculty of Medical Sciences. Department of Community Medicine
245 #0 - TITLE STATEMENT
Title Impact of tuberculosis on the quality of life in patients attending dot centres in urban area of Delhi
260 ## - PUBLICATION, DISTRIBUTION, ETC.
Date of publication, distribution, etc. 2005
650 ## - SUBJECT ADDED ENTRY--TOPICAL TERM
Topical term or geographic name entry element COMMUNITY HEALTH SERVICES
700 ## - ADDED ENTRY--PERSONAL NAME
Personal name Dr. G. K. Ingle Gu.
9 (RLIN) 537627
700 ## - ADDED ENTRY--PERSONAL NAME
Personal name Dr. N. P. Singh Gu.
9 (RLIN) 525771
700 ## - ADDED ENTRY--PERSONAL NAME
Personal name Dr. Nandini Sharma Gu.
9 (RLIN) 537628
700 ## - ADDED ENTRY--PERSONAL NAME
Personal name Dr. V. K. Gupta Gu.
9 (RLIN) 534351
700 ## - ADDED ENTRY--PERSONAL NAME
Personal name University of Delhi. Faculty of Medical Sciences. Department of Community Medicine
942 ## - ADDED ENTRY ELEMENTS (KOHA)
Koha item type Dissertations
Source of classification or shelving scheme Colon Classification (CC)

No items available.

Copyright @ Delhi University Library System